000 00617nam a2200205 i 4500
001 74040
003 ES-MaACL
005 20250801201857.0
007 t|
008 040914s1970 sp ||||1| spa d
100 1 _aGonzález de Cardedal, Olegario.
_958532
245 1 0 _aMeditación teológica desde España /
_cOlegario González de Cardedal.
260 _aSalamanca :
_bSígueme,
_c1970.
300 _a558 p. ;
_c19 cm.
490 1 _aVerdad e Imagen ;
_v6
650 0 7 _aTeología
_2embne
_917457
830 0 _aVerdad e Imagen ;
_v6
_9182105
852 _aES-MaACL
_jC-40020
_bR.73139
999 _c74040
_d74040